Responses for Show #2959 - Thursday, June 12, 1997

Arthur Phillips game 3.

Contestants

[<< previous game]

Mindy Eakin, an administrative assistant from Arlington, Massachusetts

Fritz Gray, a reservation sales representative from Torrance, California

Arthur Phillips, a speechwriter from Boston, Massachusetts (whose 2-day cash winnings total $17,401)

[next game >>]

Jeopardy! Round responses

THE BODY WOMAN
WALL STREET LINGO
U.S. GEOGRAPHY
NOTABLE RELATIVES
RELIGION
ENDS IN "LL"
    $100 30
ovaries

Arthur
    $100 29
the Dow Jones Industrial Average

Arthur
    $100 6
Alcatraz

Arthur
    $100 13
Daniel Day Lewis

Fritz
    $100 8
the Bible

Arthur
    $100 1
(Fritz: ENDS IN "LL" for $200.)
(Alex: Be careful!)

Dell

Fritz
    $200 28
X

Arthur
    $200 19
the New York Stock Exchange

Mindy
    $200 7
Narragansett Bay

Fritz
    $200 14
Casals

Arthur
    $200 9
evolution

Fritz
    $200 2
misspell

Arthur
    $300 25
hair

Fritz
    $300 11
a dividend

Arthur
    $300 20
(Arthur: What is the Columbia?)
...
(Alex: Remember Evel Kneivel?)

the Snake River

Arthur
Triple Stumper
    $300 16
Barbara Mandrell

Fritz
    $300 10
Boris Yeltsin

Arthur
    $300 3
bombshell

Arthur
    $400 26
pelvis

Fritz
    $400 12
ticker

Mindy
    $400 21
New Hampshire

Mindy
    $400 23
Shelby Foote

Fritz
    $400 17
Islam

Arthur
    $400 4
treadmill

Arthur
    $500 27
estrogen

Arthur
    $500 15
the prime rate

Mindy
    $500 22
Kauai

Triple Stumper
    $400 24
(Alex: Select again, with about a minute to go.)

Natalie Wood

Fritz
    $500 18
Lao-Tzu

Triple Stumper
    $500 5
(Fritz: What is knell?)
(Alex: Two words--need another one.)
(Fritz: What is... bell-knell?)

knell & toll

ArthurFritz

Scores at the first commercial break (after clue 15):

Arthur Fritz Mindy
$2,400 $100 $900

Scores at the end of the Jeopardy! Round:

Arthur Fritz Mindy
$3,400 $1,900 $1,500

Double Jeopardy! Round responses

1947
WORLD'S FAIRS & EXPOSITIONS
SINGERS
GOVERNMENT & POLITICS
CHEESES OF THE WORLD
SHAKESPEAREAN CHARACTERS
    $200 17
Kon-Tiki

Mindy
    $200 21
Michelangelo

Arthur
    $200 11
Garth Brooks

Mindy
    $200 6
the House of Representatives

Arthur
    $200 24
Louisiana

Fritz
    $200 1
Julius Caesar

Arthur
    $400 18
Prince Philip & Queen Elizabeth II

Fritz
    $400 22
St. Lawrence River

Arthur
    $400 12
Carly Simon

Fritz
    $400 7
Hubert Humphrey

Fritz
    $400 26
(Alex: And we have a minute to go in the round.)

England

Arthur
    $400 2
King Lear

Arthur
    $600 16
Chuck Yeager

Arthur
    $600 23
(Arthur: What is Tokyo?)
(Mindy: What is Kyoto?)

Osaka

ArthurMindy
Triple Stumper
    $600 15
Tony Bennett

Arthur
    $600 8
Commerce

Arthur
    $600 29
(Arthur: What is Gouda?)

Edam

ArthurMindy
    $600 3
Iago

Arthur
    $800 19
Christian Dior

Triple Stumper
    $800 28
the Crystal Palace

Fritz
    $800 14
Bryan Adams (or Rod Stewart or Sting)

Arthur
    $2,000 9
(Alex: And you're in the process of doing on this program what Wes Ulm, your predecessor as champion last week, was doing--being very, very good!)

Libertarian

Arthur
    $800 30
Limburger

Fritz
    $800 4
Titania

Arthur
    $1000 20
[Alex reads "HUAC" as "House Un-American Activities Committee".]

Bertolt Brecht

Fritz
    $1,600 27
(Arthur: Who is Garfield?)
(Alex: Thought you might go there...)

William McKinley (1901)

Arthur
    $1000 13
The Pet Shop Boys

Mindy
    $1000 10
Wisconsin

Mindy
    $1000 25
Italy

Arthur
    $1000 5
(Alex: Well done in that category!)

Cardinal Wolsey

Arthur

Scores at the end of the Double Jeopardy! Round:

Arthur Fritz Mindy
$10,400 $5,900 $3,900

[wagering suggestions for these scores]

Final Jeopardy! Round responses

CLASSIC CINEMA
(Alex: Something we can all relate to!)
MindyWhat is 'It's A Wonderful Life'?
$3,899
FritzWhat is "It's A Wonderful Life"?
$5,900
ArthurWhat is "It's A Wonderful Life"?
$1,401
It's A Wonderful Life

Final scores:

Arthur Fritz Mindy
$11,801 $11,800 $7,799
3-day champion: $29,202 2nd place: a Bassett Legend dining room set + Retroneu flatware 3rd place: a Panasonic 27" diagonal Superflat TV system

Game dynamics:

Coryat scores:

Arthur Fritz Mindy
$10,800 $6,000 $3,900
29 R
(including 1 DD),
4 W
(including 1 DD)
16 R
(including 1 DD),
1 W
9 R,
1 W

Combined Coryat: $20,700

[game clues] [game scores] [suggest correction]

Game tape date: 1997-01-29
The J! Archive is created by fans, for fans. Scraping, republication, monetization, and malicious use prohibited; this site may use cookies and collect identifying information. See terms. The Jeopardy! game show and all elements thereof, including but not limited to copyright and trademark thereto, are the property of Jeopardy Productions, Inc. and are protected under law. This website is not affiliated with, sponsored by, or operated by Jeopardy Productions, Inc. Join the discussion at JBoard.tv.